000 00315nam a2200133Ia 4500
008 220216s9999 xx 000 0 und d
100 _aShakhashiri ZBassam
245 0 _aClimate change conversations
260 _bScience
_c2013
300 _a9
650 _aClimate change
700 _aBell AJerry
942 _cJS
999 _c55655
_d55655